Welcome to the Holygrace Academy Library

Please use search bar below to get started

ANIMORPHS (Record no. 5963)

MARC details
000 -LEADER
fixed length control field 00597nam a22001457a 4500
020 ## - INTERNATIONAL STANDARD BOOK NUMBER
ISBN 0-439-01260-0
082 ## - DEWEY DECIMAL CLASSIFICATION NUMBER
Classification number 823
Item number APP/A
100 ## - MAIN ENTRY--AUTHOR NAME
Personal name APPLEGATE, K A
245 ## - TITLE STATEMENT
Title ANIMORPHS
Remainder of title THE PRETENDER
260 ## - PUBLICATION, DISTRIBUTION, ETC. (IMPRINT)
Place of publication NEW YORK
Name of publisher SCHOLASTIC INC
Year of publication 2000
300 ## - PHYSICAL DESCRIPTION
Number of Pages 153
520 ## - SUMMARY, ETC.
Summary, etc To Tobias, no one is who they seem. He has just heard a reading of his father's last will and testament. That's how he found out who his father really was: the Andalite Prince Elfangor Tobias is stunned, but can't show it. Because Visser Three is watching his every move.
650 ## - SUBJECT ADDED ENTRY--TOPICAL TERM
Topical Term ADVENTURE
Geographic subdivision UNITED STATES
942 ## - ADDED ENTRY ELEMENTS (KOHA)
Koha item type Books
Holdings
Withdrawn status Lost status Collection code Home library Current library Shelving location Date acquired Source of acquisition Full call number Accession Number Koha item type
    Fiction Main Library Main Library SHELF 15 H-HARRY POTTER(CHARACTERISATION),WIMPY KID,DORK DIARIES 29/01/2019 purchase 823 APP/A 10806 Books